000 00806nam a2200265 a 4500
999 _c2364
_d2364
001 013840115
003 ALUPE UNIVERSITY
005 20210708101936.0
008 000405s2001 nju b 001 0 eng
020 _a9780130271471
035 _a(UkLCURL)980000037320
040 _cALUPE UNIVERSITY
050 4 _aTS155
_b.H37 2001
100 1 _aHeizer, Jay.
245 1 0 _aPrinciples of operations management /
_cJay Heizer, Barry Render.
250 _a4th ed
260 _aUpper Saddle River, N.J. :
_bPrentice Hall,
_c2001.
300 _a1 v, [various pagings] ;
_c26 cm.
500 _aPrevious ed.: 1999.
504 _aIncludes bibliographical references and index
650 0 _aProduction management.
700 1 _aRender, Barry.
942 _2lcc
_cBK
_ePW